<?xml version="1.0" encoding="UTF-8"?>
<collection xmlns="http://www.loc.gov/MARC21/slim">
    <record>
        <controlfield tag="001">74991</controlfield>
        <controlfield tag="005">20180926110643.0</controlfield>
        <datafield tag="024" ind1="8" ind2=" ">
            <subfield code="2">sideral</subfield>
            <subfield code="a">88934</subfield>
        </datafield>
        <datafield tag="037" ind1=" " ind2=" ">
            <subfield code="a">ART-2014-88934</subfield>
        </datafield>
        <datafield tag="041" ind1=" " ind2=" ">
            <subfield code="a">spa</subfield>
        </datafield>
        <datafield tag="100" ind1=" " ind2=" ">
            <subfield code="0">(orcid)0000-0001-8339-1788</subfield>
            <subfield code="a">Galindo Ayuda, F.</subfield>
            <subfield code="u">Universidad de Zaragoza</subfield>
        </datafield>
        <datafield tag="245" ind1=" " ind2=" ">
            <subfield code="a">La regulación de los datos abiertos</subfield>
        </datafield>
        <datafield tag="260" ind1=" " ind2=" ">
            <subfield code="c">2014</subfield>
        </datafield>
        <datafield tag="506" ind1="0" ind2=" ">
            <subfield code="a">Access copy available to the general public</subfield>
            <subfield code="f">Unrestricted</subfield>
        </datafield>
        <datafield tag="520" ind1="3" ind2=" ">
            <subfield code="a">Se discute la regulación de los “datos abiertos” u“open data”, tomando como ejemplo el contexto español.A dichos efectos en primer lugar se ocupa derecoger una aproximación a lo que se denomina“open data” o “datos abiertos”. En segundo lugarpresenta, sintéticamente, la regulación española quese ocupa de ellos. En tercer lugar expresa que lanormativa vigente requiere que, en su puesta enacción por medio de las notas legales, los responsablesde su redacción deben atender a criterios democráticos.Finalmente, se concluye proponiendo quelos datos abiertos sean diseñados en conformidad ala normativa sobre reuso de datos abiertos, protecciónde datos personales, delimitación de responsabilidadde las prestaciones de servicios y la que dapautas para el ejercicio de servicios administrativosconcretos.

The regulation of the "open data" is discussed, takingas an example the process that happens in Spain. Forthese purposes, first, a discussion of the concept of"open data" is provided. Secondly, the Spanish regulationthat deals with them is synthetically overviewed.Thirdly, it is also stated requires that current legislationmust be designed according to democratic criteria.Finally, it is concluded that open data are designedin accordance with these juridical rules: thenorms on open data reuse, the normative on personaldata protection, the normative on the responsibility forthe provision of services, and the juridical guidelinesthat exist for the specific administrative services.</subfield>
        </datafield>
        <datafield tag="540" ind1=" " ind2=" ">
            <subfield code="9">info:eu-repo/semantics/openAccess</subfield>
            <subfield code="a">by</subfield>
            <subfield code="u">http://creativecommons.org/licenses/by/3.0/es/</subfield>
        </datafield>
        <datafield tag="655" ind1=" " ind2="4">
            <subfield code="a">info:eu-repo/semantics/article</subfield>
            <subfield code="v">info:eu-repo/semantics/publishedVersion</subfield>
        </datafield>
        <datafield tag="710" ind1="2" ind2=" ">
            <subfield code="1">4010</subfield>
            <subfield code="2">381</subfield>
            <subfield code="a">Universidad de Zaragoza</subfield>
            <subfield code="b">Dpto. Dcho.Pe.,Filos.D.e Hª D.</subfield>
            <subfield code="c">Área Filosofía del Derecho</subfield>
        </datafield>
        <datafield tag="773" ind1=" " ind2=" ">
            <subfield code="g">8 (2014), 13-18</subfield>
            <subfield code="p">Ibersid</subfield>
            <subfield code="t">Ibersid</subfield>
            <subfield code="x">1888-0967</subfield>
        </datafield>
        <datafield tag="856" ind1="4" ind2="1">
            <subfield code="u">https://ibersid.eu/ojs/index.php/ibersid/article/download/4169/3791</subfield>
            <subfield code="z">Texto completo de la revista</subfield>
        </datafield>
        <datafield tag="856" ind1="4" ind2=" ">
            <subfield code="s">76066</subfield>
            <subfield code="u">http://zaguan.unizar.es/record/74991/files/texto_completo.pdf</subfield>
            <subfield code="y">Versión publicada</subfield>
        </datafield>
        <datafield tag="856" ind1="4" ind2=" ">
            <subfield code="s">112025</subfield>
            <subfield code="u">http://zaguan.unizar.es/record/74991/files/texto_completo.jpg?subformat=icon</subfield>
            <subfield code="x">icon</subfield>
            <subfield code="y">Versión publicada</subfield>
        </datafield>
        <datafield tag="909" ind1="C" ind2="O">
            <subfield code="o">oai:zaguan.unizar.es:74991</subfield>
            <subfield code="p">articulos</subfield>
            <subfield code="p">driver</subfield>
        </datafield>
        <datafield tag="951" ind1=" " ind2=" ">
            <subfield code="a">2018-09-26-09:36:12</subfield>
        </datafield>
        <datafield tag="980" ind1=" " ind2=" ">
            <subfield code="a">ARTICLE</subfield>
        </datafield>
    </record>

    
</collection>